Molekuljarnyj mechanizm vzajmodejstvija polienovych antibiotkov s lipidnymi membranami /

Guardado en:
Detalles Bibliográficos
Autor principal: Kasumov, Chalil Namedali (Autor)
Formato: Libro
Publicado: Baku : Elm
Etiquetas: Agregar Etiqueta
Sin Etiquetas, Sea el primero en etiquetar este registro!

MARC

LEADER 00000nam a22000003a 4500
001 stu20150
005 20150617225752.1
008 ------s--------xxr---------------------d
040 |a STU  |b slo 
041 0
044 |a xxr 
080 |a 615.779.93 
100 1 |a Kasumov, Chalil Namedali  |4 aut 
245 1 |a Molekuljarnyj mechanizm vzajmodejstvija polienovych antibiotkov s lipidnymi membranami /  |c [aut.]Kasumov,Chalil Namedali 
260 |a Baku :  |b Elm 
300 |a 223 s :  |b Tab.,grafy,lit 
996 |b C79501  |c C*79501  |l CCXV  |s P  |a 0  |w stu20150_0001